The Persian Gulf crisis /

Bibliographic Details
Main Author: Yetiv, Steven A.
Format: Book
Language:English
Published: Westport, Conn. : Greenwood Press, 1997.
Series:Greenwood Press guides to historic events of the twentieth century.
Subjects:

MARC

Tag First Indicator Second Indicator Subfields
LEADER 00000cam a2200000 a 4500
001 in00001388430
005 20151020050949.0
008 961219s1997 ctuab b 001 0 eng
010 |a  96006554  
020 |a 0313299439 (alk. paper) 
035 |a (OCoLC)36133217 
035 |9 AHL6883AM 
040 |a DLC  |c DLC  |d TXA  |d UtOrBLW 
043 |a ap-----  |a a-iq---  |a a-ku--- 
049 |a TXAM 
050 0 0 |a DS79.72  |b .Y48 1997 
082 0 0 |a 956.7044/2  |2 21 
100 1 |a Yetiv, Steven A. 
245 1 4 |a The Persian Gulf crisis /  |c Steve A. Yetiv. 
264 1 |a Westport, Conn. :  |b Greenwood Press,  |c 1997. 
300 |a xxi, 197 pages :  |b illustrations, maps ;  |c 25 cm. 
336 |a text  |b txt  |2 rdacontent 
337 |a unmediated  |b n  |2 rdamedia 
338 |a volume  |b nc  |2 rdacarrier 
490 1 |a Greenwood Press guides to historic events of the twentieth century,  |x 1092-177X 
504 |a Includes bibliographical references (pages [189]-193) and index. 
650 0 |a Persian Gulf War, 1991. 
830 0 |a Greenwood Press guides to historic events of the twentieth century.  |x 1092-177X 
999 |a MARS 
999 f f |s ecba0544-9fd4-38f7-b095-dd07505b8bd3  |i 4d5259cb-7ad7-35c5-8749-1fb7ecafa7d3  |t 0 
952 f f |p ric  |a Texas A&M University  |b Rellis Campus  |c Joint Library Facility  |s JLF  |d Remote Storage  |t 0  |e DS79.72 .Y48 1997  |h Library of Congress classification  |i unmediated -- volume  |m A14821595847 
952 f f |p noncirc  |a Texas A&M University  |b College Station  |c Cushing Memorial Library & Archives  |s cush mil  |d Cushing: Ragan Military (Does not check out)  |t 0  |e DS79.72 .Y48 1997  |h Library of Congress classification  |i unmediated -- volume 
998 f f |a DS79.72 .Y48 1997  |t 0  |l Remote Storage 
998 f f |a DS79.72 .Y48 1997  |t 0  |l Cushing: Ragan Military (Does not check out)